| 000 | 00507nam a2200145Ia 4500 | ||
|---|---|---|---|
| 008 | 231129s2008||||xx |||||||||||||| ||spa|| | ||
| 020 | _a978-958-676-421-6 | ||
| 040 | _bspa | ||
| 082 | _a346.015 C824c | ||
| 100 | _aCorredor Espitia José David | ||
| 245 | 0 | _aConflictos en el derecho de familia y su vivencia en la práctica judicial: aspectos sustanciales procedimentales y jurisprudenciales | |
| 260 | _c2008 | ||
| 264 | _aEdiciones Doctrina y Ley | ||
| 942 |
_2ddc _cBKS |
||
| 999 |
_c7914 _d7914 |
||